000 00556nam a22001931 4500
001 bimo0000955597
003 OSt
005 20150320213002.0
008 900725s1954 sp spa
040 _cBMC
082 _a863
100 1 _9245
_aGonzález Ruiz, Nicolás
245 1 0 _aDos mujeres de Barba Azul
_b: Ana Bolena, Catalina Howard
_cNicolás González Ruiz
260 _aBarcelona
_bCervantes
_c1954
300 _a131 p.
_c19 cm
490 0 _aColección Vidas paralelas
650 2 4 _929289
_aNovela española
942 _2ddc
_cBK
_hahoj
999 _c19788
_d19788